LIBRARY & INFORMATION CENTRE, KCAET, TAVANUR

ONLINE PUBLIC ACCESS CATALOGUE (OPAC)

Dairy plant engineering and management (Record no. 15450)

MARC details
000 -LEADER
fixed length control field 00322nam a22001337a 4500
020 ## - INTERNATIONAL STANDARD BOOK NUMBER
ISBN 8122501303
082 ## - DEWEY DECIMAL CLASSIFICATION NUMBER
Classification number 637.14
Item number TUF/DA
100 ## - MAIN ENTRY--AUTHOR NAME
Personal name Tufail, Ahmad .
245 ## - TITLE STATEMENT
Title Dairy plant engineering and management
250 ## - EDITION STATEMENT
Edition statement 8 /
260 ## - PUBLICATION, DISTRIBUTION, ETC. (IMPRINT)
Place of publication Allahabad :
Name of publisher Kitab Mahal ,
Year of publication 2017.
300 ## - PHYSICAL DESCRIPTION
Number of Pages 816p.;
942 ## - ADDED ENTRY ELEMENTS (KOHA)
Koha item type Books
Holdings
Withdrawn status Lost status Damaged status Home library Current library Date acquired Cost, normal purchase price Full call number Accession Number Koha item type
      KAUAET KAUAET 05/06/2018 950.00 637.14 TUF/DA 25723 Books
      KAUAET KAUAET 05/06/2018 950.00 637.14 TUF/DA 25722 Books
free website counter